| 000 | 00475nam a2200193Ia 4500 | ||
|---|---|---|---|
| 005 | 20250923150313.0 | ||
| 008 | 008 250917s9999 xx 000 0 eng d | ||
| 037 | _aReference | ||
| 040 |
_aDSWL _beng _cDSWL |
||
| 041 |
_aeng _2eng |
||
| 084 | _qDSWL | ||
| 245 | 0 |
_aSage handbook of social work _cEd.by Met Gray |
|
| 260 |
_aLos Angels _bSagr _c2012 |
||
| 300 | _a783p. | ||
| 365 |
_aINR _b8078.8 |
||
| 925 | _g8078.8 | ||
| 942 | _cREF | ||
| 999 |
_c1461913 _d1461913 |
||